000
00336nam a2200157Ia 4500
001
18703
003
GE_BSU
008
181216s||||||||xx |||||||||||||| ||und||
040
_c
GE_BSU
245
_a
Le Point №2302. 20 octobre.2016.
260
_a
Paris
260
_c
2016
300
_a
98p,il,27cm.
653
_a
Le Point
942
_c
CR
999
_c
51712
_d
51712